Central Library OPAC University of Rajshahi

Philosophy of mind : (Record no. 1319)

MARC details
000 -LEADER
fixed length control field 00712nam a2200241 a 4500
001 - CONTROL NUMBER
control field 1319
003 - CONTROL NUMBER IDENTIFIER
rucl marc code BD-RjUL
005 - DATE AND TIME OF LATEST TRANSACTION
control field 20211208233320.0
008 - FIXED-LENGTH DATA ELEMENTS--GENERAL INFORMATION
fixed length control field 131125s2006 enk f 000 0 eng
020 ## - INTERNATIONAL STANDARD BOOK NUMBER
International Standard Book Number 139781851683765
International Standard Book Number 1851683763 (pbk.)
035 ## - SYSTEM CONTROL NUMBER
System control number (BD-RjUL)1341
-- (OCoLC)ocm59878543
040 ## - CATALOGING SOURCE
Original cataloging agency UKM
Transcribing agency UKM
Modifying agency BAKER
-- BD-RjUL
Language of cataloging eng
041 ## - LANGUAGE CODE
Language code of text/sound track or separate title eng
082 00 - DEWEY DECIMAL CLASSIFICATION NUMBER
Classification number 128.2
Edition number 22
Author mark and year FEP 2006
100 1# - MAIN ENTRY--PERSONAL NAME
Personal name Feser, Edward.
9 (RLIN) 3896
245 14 - TITLE STATEMENT
Title Philosophy of mind :
Remainder of title a short introduction /
Statement of responsibility, etc. Edward Feser.
260 ## - PUBLICATION, DISTRIBUTION, ETC. (IMPRINT)
Place of publication, distribution, etc. Oxford :
Name of publisher, distributor, etc. Oneworld.
Date of publication, distribution, etc. c2006
300 ## - PHYSICAL DESCRIPTION
Pagination xi, 204 p. ;
Size 22 cm.
504 ## - BIBLIOGRAPHY, ETC. NOTE
Bibliography, etc Includes bibliographical references and index
650 #0 - SUBJECT ADDED ENTRY--TOPICAL TERM
Topical term or geographic name as entry element Philosophy of mind.
9 (RLIN) 3897
942 ## - ADDED ENTRY ELEMENTS (KOHA)
Source of classification or shelving scheme Dewey Decimal Classification
Koha item type Books
Holdings
Lost status Source of classification or shelving scheme Damaged status Not for loan Collection code Permanent Location Current Location Shelving location Date acquired Source of acquisition Cost, normal purchase price Total Checkouts Full call number Date last seen Copy number Koha item type Date checked out
  Dewey Decimal Classification     Non-fiction Central Library, University of Rajshahi Central Library, University of Rajshahi   06/10/2009 Dhaka, Ahsania Mission Book 1470.00   128.2 FEP 2006 25/11/2013 C-4 Books  
  Dewey Decimal Classification     Non-fiction Central Library, University of Rajshahi Central Library, University of Rajshahi   08/03/2008 Parahon Enter Prise 250.00   128.2 FEP 2006 25/11/2013 C-3 Books  
  Dewey Decimal Classification     Non-fiction Central Library, University of Rajshahi Central Library, University of Rajshahi   06/10/2009 Dhaka, paragon enterprizes ltd 1470.00 1 128.2 FEP 2006 18/11/2018 C-7 Books 06/11/2018
  Dewey Decimal Classification     Non-fiction Central Library, University of Rajshahi Central Library, University of Rajshahi   06/10/2009 Dhaka, paragon enterprizes ltd 1470.00   128.2 FEP 2006 30/03/2014 C-6 Books  
  Dewey Decimal Classification     Non-fiction Central Library, University of Rajshahi Central Library, University of Rajshahi     Dhaka, paragon enterprizes ltd 250.00   128.2 FEP 2006 30/03/2014 C-2 Books  
  Dewey Decimal Classification     Non-fiction Central Library, University of Rajshahi Central Library, University of Rajshahi     Dhaka, paragon enterprizes ltd 250.00 1 128.2 FEP 2006 28/07/2016 C-5 Books 20/07/2016